Quizzes
Events
Quiz Creation
Community
Videos
Private Events
Remove Ads
Sign In
Join for FREE
Feedback
Dark Mode
Quiz Categories
Sports
Geography
Music
Movies
Television
Just For Fun
Miscellaneous
History
Literature
Language
Science
Gaming
Entertainment
Religion
Holiday
For Kids
Quiz Lab
Recent
Popular Today
Quiz Kudos Today
Editor Picks
Curator Picks
Quizzes by...
Day
Popularity
Type
Ratings
Length
Year
Community
Subscriptions
Recent Discussions
Orange Saloon
Badges
Playlists
Quests
Create
Leaderboards
Showdown
Live 5
Trivia Bingo
Activity
Puzzle Library
Sporcle Events
Private Events
Virtual Trivia
Globe League
Become a Host
Pub Owners
SporcleCon
Opinionation
Our Games
Videos
Blog
Mobile Apps
Partnerships
Remove Ads and Go Orange
Feedback
Movies
Disney
Marvel Cinematic Universe
Movie Resume
Movie Titles
Oscar
Actor
Actress
Director
Pixar
Role
Movie Quotes
Movie Characters
Box Office
Nominee
Best Picture
Star Wars
James Bond
Horror Movies
Movies
Disney
Marvel Cinematic Universe
Movie Resume
Movie Titles
Oscar
Actor
Actress
Director
Pixar
Role
Movie Quotes
Movie Characters
Box Office
Nominee
Best Picture
Star Wars
James Bond
Horror Movies
Random Quiz
Search Sporcle
×
Quiz Lab
Quiz Lab
Movies
Missing Word
Type in answers that appear in a list
Type in answers that appear in a list
Classic
Best Score? Go Orange.
Missing U Stats
Can you name the Missing Word: 'U' Movies?
By
Eric7272
6m
30 Questions
63 Plays
63 Plays
63 Plays
Comments
Comments
Give Quiz Kudos
Give Quiz Kudos
-
- Ratings
hide this ad
Replay
Link that replays current quiz
Next Quiz
Link to next quiz in quiz playlist
You Got
0%
They Got
Avg Score
42%
Avg Friend Score
Upgrade to see
Score Distribution
Jump to the score distribution portion of the page
Score
0/30
Timer
06:00
0
Plays Today
Movie
Missing Word
% Correct
Courage _
_
_
_
_
_
Fire
Under
96.8%
The _
_
_
_
_
_
Suspects
Usual
95.2%
The Bourne _
_
_
_
_
_
Ultimatum
87.3%
Wait _
_
_
_
_
_
Dark
Until
84.1%
Lemony Snicket's a Series of _
_
_
_
_
_
Events
Unfortunate
82.5%
South park: Bigger, Longer & _
_
_
_
_
_
Uncut
81%
_
_
_
_
_
_
Buck
Uncle
77.8%
_
_
_
_
_
_
93
United
66.7%
Django _
_
_
_
_
_
Unchained
65.1%
_
_
_
_
_
_
: Evolution
Underworld
61.9%
_
_
_
_
_
_
Legend
Urban
60.3%
The _
_
_
_
_
_
Warrior
Ultimate
50.8%
_
_
_
_
_
_
Soldier
Universal
41.3%
_
_
_
_
_
_
Girls
Uptown
39.7%
_
_
_
_
_
_
Gold
Ulee's
39.7%
Movie
Missing Word
% Correct
The _
_
_
_
_
_
Lightness of Being
Unbearable
36.5%
_
_
_
_
_
_
Brother
Undercover
36.5%
The _
_
_
_
_
_
of Anger
Upside
36.5%
_
_
_
_
_
_
Valor
Uncommon
30.2%
The Last _
_
_
_
_
_
Unicorn
20.6%
_
_
_
_
_
_
Yours
Unfaithfully
19%
The Dancer _
_
_
_
_
_
Upstairs
17.5%
An _
_
_
_
_
_
Woman
Unmarried
15.9%
_
_
_
_
_
_
Minors
Unaccompanied
12.7%
_
_
_
_
_
_
Love
Unconditional
11.1%
_
_
_
_
_
_
Heart
Untamed
11.1%
An _
_
_
_
_
_
Summer
Unforgettable
4.8%
The _
_
_
_
_
_
and His Pals
Undertaker
3.2%
_
_
_
_
_
_
The Stars
Unhook
0%
_
_
_
_
_
_
Partners
Unholy
0%
Quiz Playlist
Details
Report
Send in Message
Add To Playlist
Classic:
Type in answers that appear in a list
Last Updated: Feb 16, 2017
Quiz Scoreboard
CHALLENGE
Sign Up to Join the Scoreboard
Show All
Scores
Hide
Comments
May contain spoilers
Recently Published
Click the 1999 NBA Draft
by nibperrychub
Sports
2m
Alphabetical 'K' Countries by Flag Minefield
by ylime102
Geography
3m
Pick 6: Fruits
by JohnFran
Miscellaneous
15s
More to Explore
Quiz From the Vault
Featured Blog Post
15 Basketball Trivia Facts You Can Be March Mad About
hide this ad
You Might Also Like...
Tags
Missing Word Quiz
Today's Top Quizzes in Movies
Browse Movies
hide this ad
Today's Top Quizzes in Missing Word
Browse Missing Word
Top Contributed Quizzes in Movies
1
Pick 6: Harry Potter
2
Pick 6: Movie Franchises
3
Pick 6: Actors
4
Pick 6: Actresses
5
Pick 6: Disney Princesses
6
Match The President To The Fictional Crisis
7
Movies of the Seasons
8
Harry Potter Logic Puzzle
9
10 Quentin Tarantino Movies in Order
10
Springtime Movie Scenes (Quiz 2 of 2)
Explore More
Trending Topics
Crossword
Kpop
Marvel
Harry Potter
Disney
NBA
Anime
The Office
Puzzle
WWE
Pokémon
Soccer
Country
NFL
Song
hide this ad
More By:
Eric7272
Quiz
Plays
Rating
Category
Featured
Created
Frances McDormand Movies
4,702
4.36
Movies
Jul 6, 2010
Missing Word: Movie 'Y' Words
4,679
4.68
Just For Fun
Jul 6, 2012
Jennifer Lopez Movies
2,486
4.60
Movies
May 3, 2010
Geena Davis Movies
1,649
3.83
Movies
Jul 6, 2010
Tim Robbins Movies
768
4.00
Movies
May 1, 2010
Go to Creator's Profile
Score Distribution
Quiz Creator Spotlight
Eric7272
Follow
Send a Message
Quizzes Created
-
Created Quiz Play Count
-
More By This Creator
Popular Quizzes Today
1
Countries of Asia Without Outlines Minefield
2
Find the US States - No Outlines Minefield
3
Pick 6: Fruits
4
Alphabetical 'K' Countries by Flag Minefield
5
The Countries of the World
6
Find the US States
7
US States
8
Match the Book to the Film X
More Movies Quizzes
Missing Word in Movies: Art
Curator's Pick
Trending Quizzes
Pick 6: Mountains
Pick 6: Harry Potter
Pick 6: NFL Teams
Pick 6: Movie Franchises
Pick 6: Golfers
Recently Updated
NWSL Teams
pecheneg
Women's Final Four Teams by Year
bhenderson79
Presidents Quartet II
eogle
Anything But Clue(do)
eogle
Anything But Oceanian Capitals
eogle
Anything But 7
eogle
Anything But Thing
eogle
Word Ladder: February 29
pecheneg
Song Title Questions
pecheneg
Women's NCAA Tournament #1 Seeds
pecheneg
Trending Topics
NBA
Crossword
Marvel
Harry Potter
Kpop
Anime
Disney
Song
Pokémon
Country
The Office
WWE
Puzzle
Soccer
NFL
Your Account Isn't Verified!
In order to create a playlist on Sporcle, you need to verify the email address you used during registration. Go to your
Sporcle Settings
to finish the process.
Report this User
Report this user for behavior that violates our
Community Guidelines
.
Details:
Send Report
Go to the Sporcle.com Mobile Site →
Comments